000 00490nam a22001697a 4500
005 20130614105208.0
010 _aENG-107601
020 _a9789350835081
_c125.00
035 _aEN-91134
037 _bDBAD/PUB
100 _aChandra, Satyapal
245 _aAfter all you are my destiny /
_c by Satyapal Chandra
260 _aNew Delhi
_bDiamond Pocket Book
_c2013
270 _aX-30, Okhla Industrial Area, Phase-II
_bNew Delhi
_e110020
300 _a151p.
_c23cm(pbk)
942 _2ddc
_cEN
_mCHA
999 _c76649
_d76649